00489pab a2200157 454500008004000000100001900040245008200059260000900141300001300150362000800163650002600171650002600197650003600223650002400259773004800283180718b1998 xxu||||| |||| 00| 0 eng d aPradhan, Menno aEnrolment and delayed enrolment of secondary school age children in Indonesia c1998 ap.413-30 aNov aEnrolment - Indonesia aEducation - Indonesia aSecondary education - Indonesia aSecondary education aOxford Bulletin of Economics and Statistics